| Tag |
First Indicator |
Second Indicator |
Subfields |
| LEADER |
00000cam a2200000Ia 4500 |
| 001 |
in00003337745 |
| 005 |
20151205115528.0 |
| 008 |
120914s2013 enka 000 0 eng d |
| 020 |
|
|
|a 9780714865379 (hbk.)
|
| 020 |
|
|
|a 0714865370 (hbk.)
|
| 035 |
|
|
|a (OCoLC)ocn810947814
|
| 040 |
|
|
|a UKM
|c UKM
|d YDX
|d YNK
|d ORX
|d NDD
|d UtOrBLW
|
| 049 |
|
|
|a TXAM
|
| 050 |
|
4 |
|a TR680
|b .M438 2013
|
| 082 |
0 |
|
|a 779.2/092
|2 23
|
| 100 |
1 |
|
|a McCurry, Steve.
|
| 245 |
1 |
0 |
|a Portraits /
|c Steve McCurry.
|
| 250 |
|
|
|a 2nd ed., rev. and expanded.
|
| 264 |
|
1 |
|a London ;
|a New York :
|b Phaidon,
|c [2013]
|
| 264 |
|
4 |
|c ©2013
|
| 300 |
|
|
|a 1 volume (unpaged) :
|b color illustrations ;
|c 19 cm.
|
| 336 |
|
|
|a text
|b txt
|2 rdacontent
|
| 337 |
|
|
|a unmediated
|b n
|2 rdamedia
|
| 338 |
|
|
|a volume
|b nc
|2 rdacarrier
|
| 500 |
|
|
|a Previous edition: 1999.
|
| 500 |
|
|
|a Title from cover.
|
| 520 |
|
|
|a An intriguing collection of unposed and engaging color portraits of people from all backgrounds and corners of the globe, this book offers a world-wide look at real people from places as diverse as Yemen, Mali, Niger, the USA, India, Afghanistan, Sri Lanka, Cambodia, Myanmar (Burma), France and the former Yugoslavia; unstylized portraits of children, adolescents and adults from all walks of life that reveal humanity's commonality as well as the variety of our personal adornment. Including the famous 'Afghan Girl' photograph, and equally memorable images ranging from a bejewelled Indian bride to a Paraguayan cowboy, Steve McCurry Portraits features nearly 250 photographs in all.
|
| 600 |
1 |
0 |
|a McCurry, Steve.
|
| 650 |
|
0 |
|a Portrait photography.
|
| 945 |
|
|
|a PromptCat
|b 402906
|
| 946 |
|
|
|a stk
|
| 947 |
|
|
|a A14840637878
|
| 948 |
|
|
|a cataloged
|b h
|c 2013/7/29
|d c
|e dmitchel
|f 8:44:16 am
|
| 994 |
|
|
|a 92
|b TXA
|
| 999 |
|
|
|a MARS
|
| 999 |
f |
f |
|s 13f45866-ad3d-3174-9b1f-77220458c126
|i 3f3f9729-5951-375e-8b33-5fcf082e6361
|t 0
|
| 952 |
f |
f |
|p normal
|a Texas A&M University
|b College Station
|c Sterling C. Evans Library
|s Evans stk
|d Evans: Library Stacks
|t 0
|e TR680 .M438 2013
|h Library of Congress classification
|i unmediated -- volume
|m A14840637878
|
| 998 |
f |
f |
|a TR680 .M438 2013
|t 0
|l Evans: Library Stacks
|